000 00397nab a2200145Ia 4500
003 ES-SlBCS
005 20210601133641.0
008 140529s1966 xxu||||| |||| 00| 0 por d
041 _apor
100 1 _aSobreira, Jorge
_9207734
245 0 0 _aJorge Duhamel
_c Jorge Sobreira
600 1 4 _aDuhamel, Jorge
_9188655
773 0 _tBroteria
_gvol. 82, nº. 5, 1966, págs. 687-690
_wRev100
942 _cAR
999 _c599887
_d599887